| 000 | 01328nam a2200301 i 4500 | ||
|---|---|---|---|
| 001 | 000009258 | ||
| 003 | DO-SdBNP | ||
| 005 | 20240412074210.0 | ||
| 007 | ta | ||
| 008 | 090929s2003 dr 001 0 spa d | ||
| 020 | _a23653 | ||
| 040 |
_aDO-SdBNP _bspa _cBNPHU _erda |
||
| 082 | 4 |
_aRD862.5 _bI37K _222 |
|
| 245 | 0 | 3 | _aEl incidente de Klosterfroilen. |
| 264 |
_aSanto Domingo : _bCasa de Teatro, _c2003. |
||
| 300 |
_a239 páginas ; _c21 cm. |
||
| 336 |
_2rdacontent _atexto _btxt |
||
| 337 |
_2rdamedia _asin mediación _bn |
||
| 338 |
_2rdacarrier _avolumen _bnc |
||
| 490 | 1 | _aLa cultura somos todos | |
| 505 | 2 | _aEl incidente Klosterfroilen / José Luis Pedroza (Argentina) -- La razón era verde... y se la comió un burro / Lenin Comprés (República Dominicana) -- Los duros pierden como Hamphrey Bogart / Miguel Terry (Cuba) -- Las falenas / Ángels Aymar i Ragolta (España) --Cenizas de Ruth / Rubén Sicilia y Jorge Félix Echavarría (Cuba) -- Hombre atado a una silla o Crisis de un comediante / Ingrid Luciano Sánchez (República Dominicana). | |
| 586 | _aPremio Internacional de Teatro, 2003 | ||
| 650 | 4 |
_aTeatro dominicano _xColecciones _921852 |
|
| 650 | 0 |
_aLiteratura dominicana. _967 |
|
| 830 | 0 |
_aLa cultura somos todos _923964 |
|
| 910 | _aValidado. Control de calidad MFF | ||
| 942 |
_2ddc _cLBS1 |
||
| 999 |
_c9020 _d9020 |
||